1042 1909 1550 1412 1147 1397 1645 1666 1522 1462 1379 1807 1316 1345 1039 1774 1114 1241 1344 1132 1224 1920 1953 1176 1395 1494 1718 1723 1588 1048 1242 1708 1503 1020 1603 1340 1682 1696 1845 1108 1511 1014 1904 1262 1806 1117 1131 1405 1776 1483 1579 1206 1083 1895 1774 1167 1606 1512 1920 2000 1084 1775 1944 1851 1607 1098 1157 1446 1206 1167 1344 1263 1518 1459 1550 1163 1577 1850 1118 1241 1033 1911 1644 1431 1698 1830 1935 1993 1869 1890 1912 1051 1991 1010 1601 1834 1591 1826 1100 BCNSPRNW ULIB Ver.6.0+V

เปลี่ยนเป็นภาษาไทย

Change to English
 แสดงรายละเอียดบรรณานุกรม
  กลับหน้าหลัก

Brief Record : Get Marc (ISO 2709) : E-mail record : QR code < ปิดหน้าต่าง
LEADER : 00000nam 2200000uu 4500
001    13399110544
003     ULIB
008    110602s2548||||th 000 0 tha d
020    9766446584
060  4 WQ100^bภ43ฐ 2548
245 00 ภาวะฉุกเฉินทางสูติศาสตร์ /^cบรรณาธิการ, ฐิติมา สุนทรสัจ ...[และคนอื่นๆ]
260    กรุงเทพฯ :^bชานเมืองการพิมพ์,^c2548
300    147 หน้า :^bภาพประกอบ ;^c30 ซม
504    บรรณานุกรมท้ายบท
650  2 Gynecology
650  2 Obstetrics
700 0  ฐิติมา สุนทรสัจ,^eบรรณาธิการ
945    ^p280^l0^i023913
945    ^p280^l0^i018820
945    ^p280^l0^i017955
995    ทศพร
999 ^a ใช้งานได้ทุกระบบ
รายการนี้ยังไม่มีแท็ก
คุณยังไม่ได้ล็อกอิน คุณสามารถมีกิจกรรมร่วมกับเว็บไซต์ได้ แต่ต้องล็อกอินก่อน ::
  ล็อกอิน

รายการสื่อสารสนเทศ

ลำดับที่ ประเภท เลขเรียก/บาร์โค้ด สถานที่ สถานะ
1. วิทยาศาสตร์การแพทย์ และสุขภาพ
วิทยาศาสตร์การแพทย์ และสุขภาพ
สถานะ=หนังสือเก่า
WQ100 ภ43ฐ 2548 ฉ.1 
  Barcode: 017955
ห้องสมุดวิทยาเขตสวรรค์ประชารักษ์
►ส่วนจัดเก็บหนังสือเก่า สปร
บนชั้น
  ขอยืม
2. วิทยาศาสตร์การแพทย์ และสุขภาพ
วิทยาศาสตร์การแพทย์ และสุขภาพ
สถานะ=หนังสือเก่า
WQ100 ภ43ฐ 2548 ฉ.2 
  Barcode: 018820
ห้องสมุดวิทยาเขตสวรรค์ประชารักษ์
►ส่วนจัดเก็บหนังสือเก่า สปร
บนชั้น
  ขอยืม

รายการใกล้เคียง
    หัวเรื่อง [Gynecology]
    หัวเรื่อง [Obstetrics]

BibComment


ยังไม่เคยถูกคอมเมนท์

คอมเมนท์ทรัพยากรรายการนี้
  คอมเมนท์: ภาวะฉุกเฉินทางสูต..


 Copyright 2026. Bcnsprnw @Library